LEGAL & CONSTITUTIONAL HISTORY OF INDIA (Record no. 10399)
[ view plain ]
| 000 -LEADER | |
|---|---|
| fixed length control field | 00306nam a22001337a 4500 |
| 003 - CONTROL NUMBER IDENTIFIER | |
| control field | SGT |
| 082 ## - DEWEY DECIMAL CLASSIFICATION NUMBER | |
| Classification number | 340.095 4,JOI |
| 100 ## - MAIN ENTRY--PERSONAL NAME | |
| Personal name | JOIS, M.RAMA |
| 245 ## - TITLE STATEMENT | |
| Title | LEGAL & CONSTITUTIONAL HISTORY OF INDIA |
| 260 ## - PUBLICATION, DISTRIBUTION, ETC. (IMPRINT) | |
| Place of publication, distribution, etc | NEW DELHI |
| Name of publisher, distributor, etc | UNIVERSAL |
| Year of Publication | 2016 |
| 300 ## - PAGE DESCRIPTION | |
| No. of Pages | 723 |
| 650 ## - SUBJECT ADDED ENTRY--TOPICAL TERM | |
| Topical term or geographic name as entry element | HISTORY OF INDIA |
| 942 ## - ADDED ENTRY ELEMENTS (KOHA) | |
| Source of classification or shelving scheme | Dewey Decimal Classification |
| Koha item type | Books |
| Withdrawn status | Lost status | Source of classification or shelving scheme | Damaged status | Not for loan | Collection code | Home library | Current library | Shelving location | Date acquired | Vendor Name | Cost, normal purchase price | SGTU | Bill Number | Total Checkouts | Full call number | Accession No. (Barcode) | Date last seen | Bill Date | Koha item type | Date last borrowed |
|---|---|---|---|---|---|---|---|---|---|---|---|---|---|---|---|---|---|---|---|---|
| Dewey Decimal Classification | LAW | SGT Science & Social Sciences Library | SGT Science & Social Sciences Library | Text Book | 11/01/2017 | SETH AND COMPANY | 495.00 | SGTU | 2160 | 340.095 4,JOI | FL1484 | 11/01/2017 | 06/10/2016 | Books | ||||||
| Dewey Decimal Classification | LAW | SGT Science & Social Sciences Library | SGT Science & Social Sciences Library | Text Book | 11/01/2017 | SETH AND COMPANY | 495.00 | SGTU | 2160 | 1 | 340.095 4,JOI | FL1485 | 04/04/2018 | 06/10/2016 | Books | 22/03/2018 | ||||
| Dewey Decimal Classification | Not For Loan | LAW | SGT Science & Social Sciences Library | SGT Science & Social Sciences Library | Reference Book | 11/01/2017 | SETH AND COMPANY | 495.00 | SGTU | 2160 | 340.095 4,JOI | FL1486 | 11/01/2017 | 06/10/2016 | Books |